Délmagyarország. - 2008. augusztus 13., Szerda
Elmentve itt :
| Dokumentumtípus: | Újság |
|---|---|
| Megjelent: |
2008-08-13
|
| Sorozat: | Délmagyarország
98 No. 189 |
| Online Access: | http://dmarchiv.bibl.u-szeged.hu/29765 |
| LEADER | 00490nas a2200145 i 4500 | ||
|---|---|---|---|
| 001 | delm29765 | ||
| 005 | 20200415083951.0 | ||
| 008 | 171219s2008 hu n o 0|| hun d | ||
| 022 | |a 0133-025X | ||
| 040 | |a SZTE Délmagyarország Archívum |b hun | ||
| 041 | |a hun | ||
| 245 | 0 | 0 | |a Délmagyarország. - 2008. augusztus 13., Szerda |h [elektronikus dokumentum] |
| 260 | |c 2008-08-13 | ||
| 490 | 0 | |a Délmagyarország |v 98 No. 189 | |
| 856 | 4 | 0 | |u http://dmarchiv.bibl.u-szeged.hu/29765/1/dm_2008_189.pdf |z Dokumentum-elérés |